01304nam a2200265 a 4500001001000000005001700010008004100027041000800068044000700076084002000083100004500103245009500148260004600243300001700289440003900306500018100345500021900526500004500745500001000790650005200800650005700852650003400909650004500943740005000988BRCA_255120190320203848.0261108s1866----gw-#---###---#000-0#spa-u aspa agw a161b.B76c18661 aCervantes Saavedra, Miguel ded1547-161610aEl Ingenioso Hidalgo Don Quijote de la Manchaccompuesto por Miguel de Cervantes Saavedra. aLeipzig (Alemania)bF. A. Brockhausc1866 a2 v.c20 cm. 0aColección de autores españoles aContenido : v 1. Primera parte. Dedicatoria del autor. Prólogo del autor. Versos preliminares. Texto. -- v 2. Segunda parte. Dedicatoria del autor. Prólogo del autor. Texto aEdición económica. El texto, salvo ligeras variantes, sigue al de la edición parisiense de Baudry. La impresión está hecha con buenos tipos. Semipiel; lomeras decoradas con filetes dorados Lúdovik Ostec aCon ex-libris de : John T. Betts Pembury aQM14714aNovela españolayÉpoca clásica, 1500-170014aLiterartura españolayÉpoca clásica, 1500-170014aNovela españolaySiglo XVII14aDon Quijote (Personaje ficticio)eNovela0 aEl Ingenioso Hidalgo Don Quijote de la Mancha